Teman Amelia

Bibliographic Details
Main Author: Zarinah Ismail
Corporate Author: Title
Format: Book
Published: Selangor : Bright Publications , 2005
Series:Siri membina jati diri remaja
Subjects:

MARC

LEADER 00000cam a2200000 7i4500
001 0000002349
005 20151222.0
008 070711
020 |a 9833124348 
090 0 0 |a JF   |b MOR MAL (2611) 
100 0 |a Zarinah Ismail 
245 1 0 |a Teman Amelia   |c Zarinah Ismail 
260 |a Selangor :   |b Bright Publications ,   |c 2005 
440 0 |a Siri membina jati diri remaja 
500 |a Children ages 7-9 years old (orange) 
650 0 |a Children's stories, Malay 
710 0 |a Title 
999 |a 0000968814   |b Book   |c Children Collection   |e Perbadanan Perpustakaan Awam Johor 
999 |a 0000968815   |b Book   |c Children Collection   |e Cawangan Tangkak 
999 |a 0000968816   |b Book   |c Children Collection   |e Perbadanan Perpustakaan Awam Johor 
999 |a 0000968817   |b Book   |c Children Collection   |e Perbadanan Perpustakaan Awam Johor 
999 |a 0000968818   |b Book   |c Children Collection   |e Cawangan Kota Tinggi